Catholic University of Zimbabwe Library
Online Public Access Catalogue
(OPAC)

Read,reason,write : (Record no. 1023)

MARC details
000 -LEADER
fixed length control field 00740cam a22002292 4500
001 - CONTROL NUMBER
control field 0000001106
005 - DATE AND TIME OF LATEST TRANSACTION
control field 20170406113138.0
008 - FIXED-LENGTH DATA ELEMENTS--GENERAL INFORMATION
fixed length control field 131205s xx 000 0 eng d
020 ## - INTERNATIONAL STANDARD BOOK NUMBER
International Standard Book Number 9780073383781 :
Terms of availability $
040 ## - CATALOGING SOURCE
Original cataloging agency Your Holding Symbol
Transcribing agency Your Holding Symbol
100 1# - MAIN ENTRY--PERSONAL NAME
Personal name Seyler,Dorothy U.
245 10 - TITLE STATEMENT
Title Read,reason,write :
Remainder of title an argument text and reader /
Statement of responsibility, etc. Dorothy U.Seyler.
250 ## - EDITION STATEMENT
Edition statement 9th ed.
260 ## - PUBLICATION, DISTRIBUTION, ETC.
Place of publication, distribution, etc. New yorl :
Name of publisher, distributor, etc. McGrawHill,
Date of publication, distribution, etc. 2009.
300 ## - PHYSICAL DESCRIPTION
Extent 649 p. :
Other physical details ill ;
Dimensions cm.
504 ## - BIBLIOGRAPHY, ETC. NOTE
Bibliography, etc. note index.
591 ## -
-- 2013
-- Donation
-- women's university in africa
650 #0 - SUBJECT ADDED ENTRY--TOPICAL TERM
Topical term or geographic name entry element English language rhetoric.
908 ## - PUT COMMAND PARAMETER (RLIN)
Put command parameter 131205
Holdings
Withdrawn status Lost status Source of classification or shelving scheme Damaged status Not for loan Home library Current library Shelving location Date acquired Total Checkouts Full call number Barcode Date last seen Copy number Price effective from Koha item type Date last checked out
          CUZ Harare Campus CUZ Harare Campus Open Shelf 06.04.2017   PE 1408.s464 BK0001303 22.05.2025 CU12580 06.04.2017 SL Book  
          CUZ Harare Campus CUZ Harare Campus Open Shelf 06.04.2017 2 PE 1408.s464 BK0001235 22.05.2025 CU12581 06.04.2017 OS Book 12.11.2018
          CUZ Harare Campus CUZ Harare Campus Open Shelf 06.04.2017 1 PE 1408.s464 BK0001244 22.05.2025 CU12579 06.04.2017 OS Book 29.10.2018

OPENING HOURS

Weekdays: 0815hrs - 1800hrs
Weekends:0900hrs - 1200hrs

Closed for Mass:

Mon, Thur: 1200hrs - 1300hrs
Sunday & Public Holiday’s

CALL SUPPORT

0242-570570, 0242-570169
09200664, +263 8644140602

LOCATION

18443, Cranborne Avenue, Hatfield, Harare

Other Links


©2021 | CUZ Library